ARRUPE JESUIT UNIVERSITY

CORONAVIRUS -STOP THE SPREAD - CLEAN,DISINFECT,COVER

Survive in Portuguese / (Record no. 119816)

MARC details
000 -LEADER
fixed length control field 01057cam a2200277 a 4500
001 - CONTROL NUMBER
control field 493208
003 - CONTROL NUMBER IDENTIFIER
control field ARRUPE
005 - DATE AND TIME OF LATEST TRANSACTION
control field 20150818020027.0
008 - FIXED-LENGTH DATA ELEMENTS--GENERAL INFORMATION
fixed length control field 841120s1983 enka 000 0 eng
010 ## - LIBRARY OF CONGRESS CONTROL NUMBER
LC control number 84241268
020 ## - INTERNATIONAL STANDARD BOOK NUMBER
International Standard Book Number 0582747953 (pbk.)
040 ## - CATALOGING SOURCE
Original cataloging agency DLC
Transcribing agency DLC
Modifying agency DLC
041 0# - LANGUAGE CODE
Language code of text/sound track or separate title engpor
050 00 - LIBRARY OF CONGRESS CALL NUMBER
Classification number PC5073
Item number .A43 1983
082 00 - DEWEY DECIMAL CLASSIFICATION NUMBER
Classification number 469.83/421
Edition number 19
300 ## - PHYSICAL DESCRIPTION
Other physical details ill. ;
Dimensions 15 cm. +
100 1# - MAIN ENTRY--PERSONAL NAME
Personal name Alexander, L. G.
9 (RLIN) 7482
245 10 - TITLE STATEMENT
Title Survive in Portuguese /
Statement of responsibility, etc L.G. Alexander and Teresa de Souza.
260 ## - PUBLICATION, DISTRIBUTION, ETC. (IMPRINT)
Place of publication, distribution, etc Harlow, Essex, England :
Name of publisher, distributor, etc Longman,
Date of publication, distribution, etc 1983.
300 ## - PHYSICAL DESCRIPTION
Extent 313 p. :
Accompanying material 1 sound cassette (90 min. : analog)
590 ## - LOCAL NOTE (RLIN)
Local note Accompanying sound recording shelved in the Recorded Sound Section of the Motion Picture, Broadcasting, and Recorded Sound Division.
650 #0 - SUBJECT ADDED ENTRY--TOPICAL TERM
Topical term or geographic name as entry element Portuguese language
Form subdivision Conversation and phrase books
General subdivision English.
9 (RLIN) 7483
650 #0 - SUBJECT ADDED ENTRY--TOPICAL TERM
Topical term or geographic name as entry element Portuguese language
Form subdivision Sound recordings for English speakers.
9 (RLIN) 7484
700 1# - ADDED ENTRY--PERSONAL NAME
Personal name Souza, Teresa de.
9 (RLIN) 7485
906 ## - LOCAL DATA ELEMENT F, LDF (RLIN)
a 7
b cbc
c orignew
d 2
e ncip
f 19
g y-gencatlg
942 ## - ADDED ENTRY ELEMENTS (KOHA)
Source of classification or shelving scheme Library of Congress Classification
Koha item type Monograph ( Printed materials)
Koha issues (borrowed), all copies 1
Holdings
Withdrawn status Lost status Source of classification or shelving scheme Damaged status Not for loan Collection code Home library Current library Shelving location Date acquired Total Checkouts Full call number Barcode Date last seen Date checked out Price effective from Koha item type
    Library of Congress Classification     Main Collection ARRUPE LIBRARY ARRUPE LIBRARY Main Collection 31/01/2014 10 PC5073 .A43 1983 46412065 27/03/2019 29/12/2015 31/01/2014 Monograph ( Printed materials)

 

Arrupe Library. PO Box MP320 Mt Pleasant, Harare, Zimbabwe
263 242 745411|librarian@aju.ac.zw